| 000 | 01285nam a22002897a 4500 | ||
|---|---|---|---|
| 001 | 8822 | ||
| 003 | FISKH | ||
| 005 | 20251212103303.0 | ||
| 008 | 251022b cb ||||| |||| 00| 0 eng d | ||
| 020 | _a9789995000912 | ||
| 040 |
_aFISKH _bkhr _cFISKH _dFISKH |
||
| 050 | _aPZ7 | ||
| 082 | _a895 | ||
| 100 | _aBopha, Om | ||
| 245 |
_aកំរងរឿងនិទានអប់រំ ១ / _cរៀបរៀងដោយ លោក អ៊ុំ បុប្ផា និង លោក សេង តុងបុត្តា |
||
| 260 |
_aភ្នំពេញ : _bគ្រឹះស្ថានបោះពុម្ពនិងចែកផ្សាយ , _c២០០៩ . |
||
| 300 |
_a16 pages : _bcolor illustrations ; _c18 * 18 cm . |
||
| 505 | _aP | ||
| 520 | _aរឿងសត្វក្អែគ១១០០ , សេដ្ឋីនិងផ្លែដូង , គ្រូទាយនិងមេទ័ព , ស្រ្តីនិងសត្វស្ការ ។ | ||
| 521 | 8 |
_a650
_bLexile estimate |
|
| 521 | 8 |
_aP
_bRaz-Plus |
|
| 650 | _aកំរងរឿងនិទានអប់រំ៤ | ||
| 700 |
_aSatya, Eam _eIllustrator |
||
| 700 |
_aCheat, Ton _eIllustrator |
||
| 942 |
_2ddc _cKHB _n0 |
||
| 999 |
_c8822 _d8822 |
||